000 00310nam a22001217a 4500
999 _c4415
_d4415
008 250217b ||||| |||| 00| 0 eng d
020 _a9781789890730
082 _a580
100 _aBEDEYORE,CAMILLA DE LA
_eAUTHOR
245 _aCURIOUS QUESTIONS&ANSWERS ABOUT PLANTS
260 _aUK
_bMILES KELLY
942 _2ddc